All Ballon d'or Winners of the 21st Centrury - Statistics

General Stats
  • This quiz has been taken 40 times
  • The average score is 19 of 22
Answer Stats
Year Winner % Correct
2008 Cristiano Ronaldo
100%
2013 Cristiano Ronaldo
100%
2014 Cristiano Ronaldo
100%
2016 Cristiano Ronaldo
100%
2017 Cristiano Ronaldo
100%
2009 Lionel Messi
100%
2010 Lionel Messi
100%
2011 Lionel Messi
100%
2012 Lionel Messi
100%
2015 Lionel Messi
100%
2019 Lionel Messi
100%
2021 Lionel Messi
100%
2002 Ronaldo Nazario
100%
2018 Luka Modric
97%
2005 Ronaldinho
86%
2007 Kaka
83%
2022 Karim Benzema
80%
2006 Fabio Cannavaro
71%
2001 Michael Owen
60%
2000 Luis Figo
54%
2003 Pavel Nedved
54%
2004 Andriy Shevchenko
40%
No matching quizzes found
Score Distribution
Percent of People with Each Score
Percentile by Number Answered
Your Score History
You have not taken this quiz